Name that Transportation Vehicle - Statistics

General Stats
  • This quiz has been taken 173 times
  • The average score is 14 of 20
Answer Stats
Image Vehicle % Correct
Car
98%
Train
98%
Plane
96%
Bicycle
93%
Bus
93%
Helicopter
91%
Truck
88%
Rocket
87%
Tram
85%
{Cruise} ship
82%
Submarine
82%
RV
79%
{Sailing} ship
73%
Scooter
73%
Gondola
52%
Raft
52%
Carriage
50%
Cable-car
38%
Dog sled
24%
Rack railway
9%
No matching quizzes found
Score Distribution
Percent of People with Each Score
Percentile by Number Answered
Your Score History
You have not taken this quiz